Geography Quiz

Random Geography or World Quiz

2nd Letter Capitals 5 to 1 Quiz Stats

 Plays Quiz Updated Mar 13, 2018

Score 0/15 Timer 05:00
0 Plays Today
% Correct
Ankara
64.5%
Abuja
55.4%
Antananarivo
54.2%
Amman
53.9%
Andorra la Vella
49.5%
Dhaka
48.1%
Skopje
47.7%
Amsterdam
45.6%
% Correct
Chisinau
45%
Abu Dhabi
42.5%
Thimphu
39.7%
Phnom Penh
39.4%
Khartoum
37%
Tbilisi
32.9%
Mbabane
26.6%

You're not logged in!

Compare scores with friends on all Sporcle quizzes.
OR
Log In

Show Comments

Extras

Top Quizzes Today


Score Distribution

Your Account Isn't Verified!

In order to create a playlist on Sporcle, you need to verify the email address you used during registration. Go to your Sporcle Settings to finish the process.

Report this User

Report this user for behavior that violates our Community Guidelines.

Details: